[Event "San Jose Banco Central op"]
[Site "San Jose"]
[Date "2019.11.05"]
[Round "2"]
[White "Boza Araya, Enrique"]
[Black "Jimenez Sancho, Pedro Pablo"]
[Result "1-0"]
[WhiteElo "1706"]
[BlackElo "1808"]
[PlyCount "109"]
[EventDate "2019.10.29"]
[EventType "swiss"]
[EventRounds "7"]
[EventCountry "CRI"]
[SourceTitle "EXT 2021"]
[Source "ChessBase"]
[SourceDate "2020.10.23"]
[SourceVersion "1"]
[SourceVersionDate "2020.10.23"]
[SourceQuality "1"]

1. e4 e5 2. Nf3 Nf6 3. Nc3 Bb4 4. d3 d5 5. Bd2 Nc6 6. h3 0-0 7. Be2 Re8 8. a3 Bxc3 9. Bxc3 dxe4 10. dxe4 Nxe4 11. Qxd8 Rxd8 12. Bxe5 Nxe5 13. Nxe5 Be6 14. 0-0 c6 15. Rad1 Kf8 16. Bd3 Nf6 17. Rfe1 g6 18. Bc4 Bxc4 19. Nxc4 Rd5 20. Rxd5 Nxd5 21. Na5 Rb8 22. c4 Ne7 23. b4 b6 24. Nb3 Rd8 25. Re2 Rd1+ 26. Kh2 Rd3 27. Re3 Rxe3 28. fxe3 Nf5 29. e4 Ne3 30. c5 Nc2 31. Kg3 Ke7 32. Kf4 h6 33. g4 bxc5 34. Nxc5 Nxa3 35. e5 Nc2 36. Nd3 Nd4 37. Ke4 Ne6 38. h4 Kd7 39. Nb2 c5 40. bxc5 Nxc5+ 41. Kd5 Ne6 42. Nc4 Nf4+ 43. Ke4 Ng2 44. h5 Ke6 45. g5 hxg5 46. h6 f5+ 47. Kf3 Nh4+ 48. Kf2 g4 49. h7 f4 50. h8Q g3+ 51. Kg1 Nf3+ 52. Kf1 Nh2+ 53. Kg2 Ng4 54. Qc8+ Kd5 55. Qxg4 1-0